| 000 | 01283nam0a2200313 4500 | ||
|---|---|---|---|
| 001 | RU\NLR\bibl\845379 | ||
| 005 | 20260607052111.0 | ||
| 010 | _a5-93078-312-8 | ||
| 021 |
_aRU _b2005-50950 _92484 |
||
| 035 | _a(NLR Aleph) 000834164 | ||
| 090 |
_a1379623 _c1379623 |
||
| 100 | _a20050928d2005 |||y0rusy50 ca | ||
| 101 | 0 | _arus | |
| 102 | _aRU | ||
| 105 | _ay ||||||||| | ||
| 200 | 1 |
_aКавказ - Россия - Западная Европа _eзаписки паломника _fН.В. Артамонова, Л.Г. Логвиненко, А.А. Марченко-Лещина |
|
| 210 |
_aСтаврополь _cСтавропольсервисшкола _d2005 |
||
| 215 |
_a125, [2] с. _d20 |
||
| 606 | 1 |
_aПаломничества _91473804 _3RU\NLR\auth\66626302 |
|
| 686 | _aЭ372.24-576 | ||
| 700 | 1 |
_aАртамонова _bН. В. _gНина Валентиновна _4070 |
|
| 701 | 1 |
_aЛогвиненко _bЛ. Г. _gЛариса Григорьевна _4070 |
|
| 701 | 1 |
_4070 _7ca _8rus _aМарченко-Лещина _bА. А. _gАнна Анатольевна _912007 _3RU\NLR\auth\7728978 |
|
| 801 | 0 |
_aRU _bNLR _c20050928 _grcr |
|
| 801 | 1 |
_aRU _bNLR _c20050928 |
|
| 942 | _cBOOK | ||
| 980 | _aNB | ||